000
00203nam a22000977a 4500
008
171024b xxu||||| |||| 00| 0 eng d
020
_a
9780077270063
041
_a
eng
080
_2
14TH
_a
311
100
_a
55
999
_c
35693
_d
35693